000 00496nam a2200181Ia 4500
001 16065
005 20260306170242.0
008 260306t1991||||xx |||||||||||||| ||und||
041 _aESP
082 _a346.6
_bD35
100 _aDe la Puente y la Valle, Manuel
_eAUT
245 0 _aEl contrato general:
_bcomentarios a la sección primera del libro VII del código civil
260 _c1991
300 _a438 páginas :
_c20 cm.
650 _aGEN
654 _aCDE
942 _cLIB
_dJUS
_fJUS
_2ddc
_n
999 _c16065
_d16065